000 nam a22 7a 4500
999 _c8485
_d8485
008 180117b ||||| |||| 00| 0 eng d
100 _aSinha.S.
_94879
245 _aLearning English
260 _aNew Delhi
_bNCERT
_c2003